000 01456nam a22003977a 4500
003 CHAP
005 20220817044258.0
008 090630s2007 it rn 00010 eng d
010 _a96444
011 _a97416
020 _a9789251058190
035 _a108084
040 _cCHAP
082 0 4 _a639.2
_bF62y v.8
110 2 _aFAO
245 1 0 _aMethodological workshop on the management of tuna fishing capacity :
_bstock status, data envelopment analysis, industry surveys and management options. 8-12 May 2006, La Jolla, California, United States of America.
_c/edited by W.H. Bayffif and J. Majkowski
260 _aRome :
_bFAO,
_c2007
300 _ax, 218 p. :
_bfráfs. cuadros
490 0 _aFisheries proceedings
_v; 8
590 _aBATCH-UPD
_b10
_c20130110
_lUCH01
_h0423
590 _aBATCH-UPD
_b10
_c20130410
_lUCH01
_h0058
590 _aBATCH-UPD
_b10
_c20130914
_lUCH01
_h0427
590 _aCONVERSION
_b10
_c20130109
_lUCH01
_h1353
650 1 4 _aAtún.
_98265
650 1 4 _aEncuestas.
_936846
650 1 4 _aPesca
_xAdministración.
_987353
650 1 4 _aPesca
_xEstadísticas.
_987379
650 1 4 _aPesca
_xImplementos y maquinaria.
_987387
650 1 4 _aPesca
_xMétodos.
_987402
700 0 _aMajkowski, Jacek
_e, ed.
_969944
700 1 _aBayfiff, W.H.
_eed.
_911001
830 0 0 _aFisheries proceedings
_v; 8
_941120
901 _aBK
942 _cLIBRO
949 _a639.2 F62y v.8
_bBC
_cFAO
_d33724002075132
_eFAO1
_gDonaciØn
_h108084
_i108084
_sb
999 _c96444
_d96444